| 000 | 00458 a2200157 4500 | ||
|---|---|---|---|
| 003 | OSt | ||
| 005 | 20240123101723.0 | ||
| 008 | 240123b |||||||| |||| 00| 0 eng d | ||
| 040 | _coclc | ||
| 082 |
_a297 _bMAD/S |
||
| 100 |
_aAbdulla, Abdul Jabbar _91916 |
||
| 245 |
_aSWAHABIKALUDE SAHACHARIKAL / _cAbdul Jabbar Abdull Madeeni |
||
| 260 |
_aKerala: _bWisdom books, _c2023 |
||
| 300 | _a2v | ||
| 942 |
_2ddc _cBK _h297 _iMAD/S _k297 _mMAD/S |
||
| 999 |
_c41847 _d41847 |
||